000 00650nam a2200217Ia 4500
003 GCL
008 140319s9999 xx 000 0 ara d
020 _a?031215977
040 _aGCL /
_cGCL
082 0 4 _a020
_bف ع
100 1 _aحشمت قاسم
245 1 0 _aعلم المعلومات بين النظرية والتطبيق /
_cحشمت قاسم
700 1 _aفيكرى، براين كامبل
700 1 _aفيكرى، الينا
260 _aالقاهرة :
_bمكتبة غريب
300 _a419 ص:
_bايض ؛
_c24 سم
490 _a
650 0 4 _aعلم المعلومات
650 0 4 _aالمكتبات
942 _2ddc
_cBK
999 _c39005
_d39005